| 000 | 00488nam a22001577a 4500 | ||
|---|---|---|---|
| 005 | 20221107153629.0 | ||
| 040 | _curs | ||
| 050 | _aBT 590 S65 M43 1979 | ||
| 245 |
_aMga seminar sa bagong buhay sa espiritu _bmanwal na papangkat _cisinalin sa Pilipino ni Linda Z. De Lara |
||
| 336 |
_2rdacontent _atext _btxt |
||
| 337 |
_2rdamedia _aunmediated _bn |
||
| 338 |
_2rdacarrier _avolume _bnc |
||
| 650 | 0 |
_92886 _aSpiritual life |
|
| 700 |
_92887 _aDe Lara, Linda Z. _etranslator |
||
| 942 |
_2lcc _cF |
||
| 999 |
_c59247 _d59247 |
||